Baseball Equipment 2025 - Statistics

General Stats
  • This quiz has been taken 20 times
  • The average score is 9 of 20
Answer Stats
Picture Answer % Correct
Batting Gloves
94%
Catchers Glove
88%
Batting Helmet
81%
Sliding Mitt
75%
Baseball Glove
56%
Batting Shin Guard
56%
Catchers Helmet
50%
Sunglasses
50%
Shin Guards
44%
Baseball Bat
38%
Baseball Hat
38%
Eye Black
38%
First Baseman Glove
38%
Arm Sleeve
31%
Athletic Tape
31%
Chest Plate
31%
Metal Cleats
31%
Molded Cleats
31%
Elbow Guard
25%
Batting Weight
6%
No matching quizzes found
Score Distribution
Percent of People with Each Score
Percentile by Number Answered
Your Score History
You have not taken this quiz